Клинок без ржавчины (Запись № 7732401)

Подробности
000 -МАРКЕР
контрольное поле 01936nam0a22003251 4500
001 - ИДЕНТИФИКАТОР ЗАПИСИ
контрольное поле rc\3783944
005 - ИДЕНТИФИКАТОР ВЕРСИИ
контрольное поле 20260406084044.0
021 ## - НОМЕР ГОСУДАРСТВЕННОЙ РЕГИСТРАЦИИ
Код страны российская федерация
Номер [76-5708]
035 ## - ДРУГИЕ СИСТЕМНЫЕ НОМЕРА
Идентификатор записи (NLR Aleph) 007232691
100 ## - ДАННЫЕ ОБЩЕЙ ОБРАБОТКИ
Данные общей обработки 20120207d1975 |||y0rusy50 ca
101 0# - ЯЗЫК РЕСУРСА
Язык текста, звукозаписи и т.д. русский
102 ## - СТРАНА ПУБЛИКАЦИИ ИЛИ ПРОИЗВОДСТВА
Страна публикации российская федерация
105 ## - ПОЛЕ КОДИРОВАННЫХ ДАННЫХ: ТЕКСТОВЫЕ МАТЕРИАЛЫ, МОНОГРАФИЧЕСКИЕ
Кодированные данные о монографическом текстовом документе a z |||a|
200 1# - ЗАГЛАВИЕ И СВЕДЕНИЯ ОБ ОТВЕТСТВЕННОСТИ
Основное заглавие Клинок без ржавчины
Сведения, относящиеся к заглавию Повести и рассказы
-- [Перевод]
Первые сведения об ответственности Константин Лордкипанидзе
Последующие сведения об ответственности [Худож. М. Панков]
210 ## - ПУБЛИКАЦИЯ, РАСПРОСТРАНЕНИЕ И ДР.
Место издания, распространения и т.д. Москва
Имя издателя, распространителя и т. д. Известия
Дата издания, распространения и т.д. 1975
215 ## - ФИЗИЧЕСКАЯ ХАРАКТЕРИСТИКА
Специфическое обозначение материала и объем 382 с.
Другие сведения о физической характеристике ил.
Размеры 21
225 1# - СЕРИЯ
Основное заглавие серии Библиотека "Дружба народов"
300 ## - ОБЩИЕ ПРИМЕЧАНИЯ
Текст примечания Ред. совет сер.: С. Агабабян [и др.]
311 ## - ПРИМЕЧАНИЯ, ОТНОСЯЩИЕСЯ К ПОЛЯМ СВЯЗИ (ПРИМЕЧАНИЯ О СВЯЗИ С ДРУГИМИ ПРОИЗВЕДЕНИЯМИ (ИЗДАНИЯМИ))
Текст примечания Прил. к журн. "Дружба народов"
327 1# - ПРИМЕЧАНИЯ О СОДЕРЖАНИИ
Текст примечания Содерж.: Смерть еще подождет: Правдивые рассказы; Повести: Мой первый комсомолец; Клинок без ржавчины; Девушка из Заречья; Цоги; Горийская повесть; Из цикла "Волшебный камень"
422 #0 - ИЗДАНИЕ, К КОТОРОМУ ОТНОСИТСЯ ПРИЛОЖЕНИЕ
Встроенное поле 2001#$aДружба народов
Заглавие Дружба народов
464 #0 - АНАЛИТИЧЕСКИЙ УРОВЕНЬ
Встроенное поле 2001#$aСмерть еще подождет$eПравдивые рассказы$aМой первый комсомолец$eПовесть$aКлинок без ржавчины$eПовесть$aДевушка из Заречья$eПовесть$aЦоги$eПовесть$aГорийская повесть$eПовесть$aВолшебный камень
Заглавие Волшебный камень
700 #1 - ИМЯ ЛИЦА - ПЕРВИЧНАЯ ОТВЕТСТВЕННОСТЬ
Графика поля Кириллица
Материалы, к которым относится поле rus
Начальный элемент ввода Лордкипанидзе
Часть имени, кроме начального элемента ввода К. А.
Даты 1905-1986
Расширение инициалов личного имени Константин Александрович
Идентификатор авторитетной/нормативной записи RU\NLR\AUTH\770278716
Системный номер авторитетной/нормативной записи 2650683
702 #1 - ИМЯ ЛИЦА - ВТОРИЧНАЯ ОТВЕТСТВЕННОСТЬ
Начальный элемент ввода Панков
Часть имени, кроме начального элемента ввода М.
Код отношения Карикатурист, Художник
801 #0 - ИСТОЧНИК ЗАПИСИ
Страна российская федерация
Организация NLR
Правила каталогизации psbo
801 #1 - ИСТОЧНИК ЗАПИСИ
Страна российская федерация
Организация ELAR
Источник данных rusmarc
852 ## - МЕСТОНАХОЖДЕНИЕ И ШИФР ХРАНЕНИЯ
Идентификатор организации NLR
Шифр хранения (Call Number) 76-3/2922
942 ## - ДОПОЛНИТЕЛЬНЫЕ ЭЛЕМЕНТЫ ЗАПИСИ (АБИС)
Тип экземпляра АБИС Книга
980 ## - КОЛЛЕКЦИЯ
Название коллекции Национальная библиография
Экземпляры
Тип экземпляра Дата поступления Библиотека постоянного хранения Библиотека текущего хранения Место хранения Шифр хранения Штрих-код Статус не для выдачи
Книга 26.10.2013 РНБ (Московский) РНБ (Московский) Русский книжный фонд: издания с 1957 года, 9этаж, Хран. 76-3/2922 7232691-10